[Event "ACL-A664"]
[Site "www.playchess.de"]
[Date "2006.03.08"]
[Round "9"]
[White "MrM"]
[Black "deroy"]
[WhiteElo "1664"]
[BlackElo "1500"]
[PlyCount "40"]
[Result "1/2-1/2"]

1.d4 d5 {Hi MrM Pleased to meet you and heres to 
an interesting game. My name is Doug Smith I come 
from Cheltenham in the w of England and play  with 
the IECG graded about 2000. I would like to know 
who you are if you could send me some info Kindest 
regards Deroy}  2.Bf4 {Hi.  Mark here from just 
north of Philadelphia, PA in the states.  I only 
play online, so I have no idea what rating I 
should be.}  Nf6 {Hi Mark, Nice to play a person 
rather than Mickey Mouse or Pluto!Best wishes 
..Deroy}  3.e3 {Always more fun.  :)}  c5 {c5 
looks like the fun move!}  4.Nc3 {And here I go 
flying against the accumulate wisdom of the 
Indian.}  a6 5.Nf3 cxd4 6.exd4 Bg4 7.Be2 e6 8.O-O 
Bd6 9.Ne5 Bxe2 10.Nxe2 O-O 11.Bg5 Be7 12.Rc1 Nbd7 
13.c4 dxc4 14.Nxc4 Nd5 15.Bxe7 Qxe7 16.Nc3 N7f6 
17.Qf3 Rfd8 18.Nxd5 Nxd5 19.a3 h6 20.Rfd1 Rac8 
{(offering draw)}  1/2-1/2

[Event "ACL-A644"]
[Site "www.playchess.de"]
[Date "2006.03.08"]
[Round "5"]
[White "PrinceKheldar"]
[Black "jets00"]
[WhiteElo "1500"]
[BlackElo "2157"]
[PlyCount "108"]
[Result "0-1"]

1.c4 {Hello from Australia, GG and GL!}  Nf6 2.Nc3 
e6 {hello}  3.Nf3 b6 4.e4 Bb7 5.e5 Ne4 6.Be2 d6 
7.Nxe4 Bxe4 8.d3 Bb7 9.O-O Nd7 10.d4 Be7 11.Qc2 
dxe5 12.dxe5 c5 13.Bf4 Qc7 14.Rad1 h6 15.Bd2 O-O-O 
16.Bc3 g5 17.Rfe1 g4 18.Nd2 Nxe5 19.Bf1 Nc6 
20.Bxh8 Rxh8 21.Qc3 Rd8 22.Qg7 Bd6 23.g3 h5 24.f4 
gxf3 25.Nxf3 Nd4 26.Nxd4 cxd4 27.Bg2 h4 28.Ref1 
Bxg2 29.Kxg2 Qc6+ 30.Kh3 hxg3 31.hxg3 e5 32.Rxf7 
d3 33.Rxa7 e4 34.Qh7 Be5 35.Qf5+ Kb8 36.Rh7 Bc7 
37.c5 bxc5 38.Qg5 Qe6+ 39.Kh2 Qd6 40.Kg2 Qd4 
41.Qe7 Qxb2+ 42.Kh3 Qe5 43.Qxe5 Bxe5 44.Re7 Bd4 
45.Rxe4 c4 46.g4 Kc7 47.g5 Kc6 48.Kg4 Kc5 49.Re7 
Kc6 50.g6 Bb2 51.Rf7 d2 52.g7 Bxg7 53.Rxg7 c3 
54.Kf3 c2 0-1

[Event "HCL-E1550"]
[Site "www.playchess.de"]
[Date "2006.03.08"]
[Round "10"]
[White "pruliere"]
[Black "ALUISIO"]
[WhiteElo "1840"]
[BlackElo "1645"]
[PlyCount "67"]
[Result "1/2-1/2"]

1.Nf3 Nf6 {BONNE PARTIE!}  2.d4 {Have fun too!}  
d5 3.c4 e6 4.Bg5 Be7 5.e3 Nbd7 6.Nc3 O-O 7.Rc1 c6 
8.a3 Ne8 9.Bxe7 Qxe7 10.cxd5 exd5 11.Bd3 Ndf6 
12.O-O Nd6 13.Ne5 Nde4 14.f3 Nxc3 15.Rxc3 Ne8 
16.Qc2 f5 17.f4 Nd6 18.b4 Ne4 19.Rb3 Kh8 20.Qd1 
Be6 21.Qh5 Rf6 22.Qh4 Re8 23.Bxe4 fxe4 24.Ng4 Bxg4 
25.Qxg4 Ref8 26.Rbb1 Qf7 27.Qe2 Kg8 28.b5 cxb5 
29.Rxb5 b6 30.a4 g5 31.Qg4 Rf5 32.h4 h5 33.Qg3 g4 
34.a5 {(offering draw) hello Aluisio, I don't see 
much more possible progress for  any of us!! maybe 
you do? but for me it is a drawn game!! gerard} 
 1/2-1/2

[Event "HCL-C4153"]
[Site "www.playchess.de"]
[Date "2006.03.08"]
[Round "16"]
[White "spartan1"]
[Black "chimiel"]
[WhiteElo "883"]
[BlackElo "1356"]
[PlyCount "119"]
[Result "1-0"]

1.Nc3 d6 2.d4 Nf6 3.d5 Nbd7 4.e4 Nc5 5.f3 e6 6.Bg5 
Be7 7.Bb5+ c6 8.dxc6 O-O 9.cxb7 Bxb7 10.Nge2 d5 
11.e5 Nfd7 12.Bxe7 Qxe7 13.O-O Nxe5 14.Qd4 Qd6 
15.b4 Ncd7 16.Bxd7 Qxd7 17.Qxe5 Rac8 18.a4 f6 
19.Qe3 Qd6 20.a5 Qxb4 21.Qxa7 Rca8 22.Qe3 e5 
23.Rab1 Qe7 24.Qd2 Rxa5 25.Nd1 Rb8 26.Qxa5 Ra8 
27.Qb5 Ba6 28.Qc6 Qa7+ 29.Nf2 Bxe2 30.Rfe1 Rb8 
31.Rxb8+ Qxb8 32.Qxd5+ Kf8 33.Rxe2 Qb1+ 34.Nd1 
Qb6+ 35.Re3 Qc7 36.h3 Qxc2 37.Kh2 Qf5 38.Qe4 Qxe4 
39.Rxe4 Kf7 40.Ne3 Kg6 41.Kg3 h5 42.Nd5 Kg5 43.Ne7 
g6 44.Nc6 Kf5 45.Ne7+ Ke6 46.Nxg6 Kf5 47.Ne7+ Kg5 
48.Nd5 f5 49.Rh4 f4+ 50.Nxf4 exf4+ 51.Rxf4 h4+ 
52.Rxh4 Kf5 53.Rf4+ Kg5 54.h4+ Kh5 55.Rf5+ Kh6 
56.Kg4 Kh7 57.Kg5 Kh8 58.Kf6 Kh7 59.g4 Kh6 
60.Rh5+ 1-0

[Event "HCL-C4020"]
[Site "www.playchess.de"]
[Date "2006.03.09"]
[Round "17"]
[White "Peter_Richard"]
[Black "Mercator"]
[WhiteElo "976"]
[BlackElo "1041"]
[PlyCount "104"]
[Result "0-1"]

1.d4 {Hello and good luck!}  d5 {Thanks you same 
wiches for you}  2.e3 Nf6 3.Nc3 e6 4.Nf3 c5 5.Be2 
Nc6 6.O-O Be7 7.Ne5 O-O 8.Nxc6 bxc6 9.Bf3 cxd4 
10.exd4 c5 11.Be3 Bb7 12.h3 cxd4 13.Qxd4 a6 14.a3 
Rc8 15.Rfc1 Bc5 16.Qd3 e5 17.Bg5 e4 18.Nxe4 dxe4 
19.Bxe4 Bxe4 20.Qxd8 Rfxd8 21.Rcd1 Rxd1+ 22.Rxd1 
Rb8 23.b4 Be7 24.c4 h6 25.Bf4 Rd8 26.Rxd8+ Bxd8 
27.f3 Bd3 28.c5 Nd5 29.Be5 Bf6 30.Bxf6 Nxf6 31.Kf2 
Kf8 32.g4 Bb5 33.Ke3 Ke7 34.Kd4 Kd7 35.Ke5 Kc6 
36.f4 Nd5 37.f5 Nc3 38.f6 gxf6+ 39.Kxf6 Bc4 40.Kg7 
Kb5 41.Kxh6 Ka4 42.Kg7 Kxa3 43.h4 Kxb4 44.c6 Nd5 
45.Kxf7 Kc5 46.h5 Nf4+ 47.Kf6 Nxh5+ 48.gxh5 Kxc6 
49.h6 Bd3 50.Ke5 Kc5 51.Kf4 Kc4 52.Ke3 
a5 0-1

[Event "HCL-B3826"]
[Site "www.playchess.de"]
[Date "2006.03.09"]
[Round "6"]
[White "vulcan"]
[Black "chessH"]
[WhiteElo "1170"]
[BlackElo "1275"]
[PlyCount "112"]
[Result "0-1"]

1.e4 e5 2.Nf3 Nc6 3.Bb5 d6 4.d4 exd4 5.Nxd4 Bd7 
6.Nxc6 bxc6 7.Ba4 Be7 8.O-O Nf6 9.f3 O-O 10.Bg5 h6 
11.Bh4 c5 12.Bb3 c6 13.Nd2 d5 14.e5 Nh7 15.Bxe7 
Qxe7 16.Re1 c4 17.Ba4 Rab8 18.b3 c3 19.Nf1 Qc5+ 
20.Kh1 Be6 21.Ng3 Rfd8 22.Qe2 d4 23.Ne4 Qb6 
24.Rad1 c5 25.Nd6 Rxd6 26.exd6 Qxd6 27.Qe5 Rd8 
28.Qxd6 Rxd6 29.Bb5 Ng5 30.h4 Nh7 31.Bd3 Nf6 
32.Bf1 Nh5 33.g4 Nf4 34.Re5 Rc6 35.a3 a5 36.Bb5 
Rc7 37.a4 Kf8 38.Kh2 f6 39.Re4 g5 40.hxg5 fxg5 
41.Kg3 Kf7 42.Bc4 Bxc4 43.bxc4 Rc6 44.Rde1 Kg7 
45.R4e7+ Kf6 46.Ra7 h5 47.gxh5 Nxh5+ 48.Kg4 Nf4 
49.Rxa5 Ng2 50.Re4 Ne3+ 51.Kg3 Nxc2 52.Rb5 d3 
53.Rb1 d2 54.Rd1 Re6 55.Rxe6+ Kxe6 56.Kg4 
Ne3+ 0-1

[Event "HCL-B3845"]
[Site "www.playchess.de"]
[Date "2006.03.09"]
[Round "15"]
[White "taroak"]
[Black "Genrry28"]
[WhiteElo "1375"]
[BlackElo "1516"]
[PlyCount "44"]
[Result "0-1"]

1.d4 Nf6 {Good Luck Friend!!}  2.Nc3 {thanks you 
too}  d5 3.Bg5 e6 4.Qd2 c5 5.e3 a6 6.Nf3 Nc6 7.Be2 
h6 8.Bxf6 Qxf6 9.O-O b5 10.dxc5 Bxc5 11.e4 d4 
12.e5 dxc3 13.Qxc3 Qe7 14.Rad1 Bb7 15.Kh1 O-O 
16.Nd2 Bd4 17.Qg3 Bxe5 18.f4 Bc7 19.Qg4 Nd4 20.Bd3 
Nf5 21.Ne4 Ne3 22.Qg3 Nxf1 0-1

[Event "HCL-T257"]
[Site "www.playchess.de"]
[Date "2006.03.09"]
[Round "5"]
[White "mel"]
[Black "stevetilbury"]
[WhiteElo "1154"]
[BlackElo "1562"]
[PlyCount "54"]
[Result "0-1"]

1.d4 d5 2.c4 e5 3.dxe5 d4 4.b3 Nc6 5.Nf3 Bg4 6.Bg5 
Be7 7.Nbd2 Bxg5 8.g3 Bxd2+ 9.Nxd2 Qe7 10.Bg2 Qxe5 
11.O-O Nge7 12.f3 Bd7 13.Ne4 O-O-O 14.a3 Nf5 
15.Re1 Ne3 16.Qd2 h5 17.b4 h4 18.f4 Qe7 19.b5 Nxg2 
20.Kxg2 hxg3 21.Nxg3 Qh4 22.Reh1 Ne7 23.e4 dxe3 
24.Qxe3 Bh3+ 25.Kf2 Nf5 26.Qxa7 Qxf4+ 27.Ke2 
Rhe8+ 0-1

[Event "HCL-M882"]
[Site "www.playchess.de"]
[Date "2006.03.09"]
[Round "8"]
[White "nikk"]
[Black "randa"]
[WhiteElo "1856"]
[BlackElo "2306"]
[PlyCount "40"]
[Result "0-1"]

1.d4 {Hi, good luck!}  Nf6 {hi from Plzen, Czech 
republic. Good luck!}  2.Nf3 g6 3.c4 Bg7 4.Nc3 d5 
5.cxd5 Nxd5 6.e4 Nxc3 7.bxc3 O-O 8.Bc4 c5 9.Be3 
Nc6 10.O-O cxd4 11.cxd4 Bg4 12.Rb1 Bxd4 13.Bxd4 
Bxf3 14.Qxf3 Qxd4 15.Be2 Rab8 16.a3 Rfd8 17.Rfd1 
Qa4 18.Rxd8+ Rxd8 19.Bf1 Rd7 20.h3 
Qc2 0-1

[Event "HCL-A2577"]
[Site "www.playchess.de"]
[Date "2006.03.09"]
[Round "7"]
[White "ranzpens"]
[Black "Bauernopfer"]
[WhiteElo "1800"]
[BlackElo "1342"]
[PlyCount "49"]
[Result "1-0"]

1.d4 d5 2.e3 Nf6 3.Bd3 Nc6 4.f4 Bg4 5.Nf3 e6 6.c3 
Bd6 7.Nbd2 O-O 8.h3 Bxf3 9.Qxf3 h6 10.O-O a6 11.e4 
dxe4 12.Nxe4 Nxe4 13.Qxe4 g6 14.f5 exf5 15.Rxf5 h5 
16.Bh6 Re8 17.Qf3 Bf8 18.Bxf8 Rxf8 19.Rxh5 f5 
20.Qg3 Kf7 21.Rh7+ Kf6 22.Qh4+ Ke6 23.Re1+ Kd6 
24.Qf4+ Kd5 25.c4+ 1-0

[Event "HCL-C4034"]
[Site "www.playchess.de"]
[Date "2006.03.09"]
[Round "9"]
[White "MJ321"]
[Black "nithin"]
[WhiteElo "487"]
[BlackElo "800"]
[PlyCount "40"]
[Result "0-1"]

1.e4 e5 2.Nf3 d6 3.Nc3 Nf6 4.Bc4 h6 5.O-O Be7 
6.Nh4 O-O 7.b3 Nc6 8.Qe1 Ng4 9.Nf5 Na5 10.Nd5 Bxf5 
11.exf5 Nxc4 12.bxc4 c6 13.Nc3 d5 14.f3 Nf6 
15.Qxe5 dxc4 16.d4 cxd3 17.cxd3 Qd6 18.Re1 Qc5+ 
19.d4 Qxc3 20.Be3 Bb4 0-1

[Event "HCL-A2584"]
[Site "www.playchess.de"]
[Date "2006.03.09"]
[Round "3"]
[White "Grand73Am"]
[Black "tuGGy"]
[WhiteElo "1436"]
[BlackElo "1515"]
[PlyCount "49"]
[Result "1-0"]

1.e4 d5 2.exd5 Nf6 3.d4 Qxd5 4.Nc3 Qa5 5.Bd2 c6 
6.Bd3 Bg4 7.Nf3 e6 8.Ne4 Qd8 9.O-O Nbd7 10.Re1 Be7 
11.c4 Nxe4 12.Bxe4 Nf6 13.Bc3 O-O 14.Qc2 Nxe4 
15.Qxe4 Bxf3 16.Qxf3 Bf6 17.Qg4 c5 18.Rad1 cxd4 
19.Bxd4 Bxd4 20.Rxd4 Qa5 21.Qd1 Qxa2 22.Qd2 Rac8 
23.Rd1 Rxc4 24.Rd8 g6 25.Qh6 1-0

[Event "HCL-A2575"]
[Site "www.playchess.de"]
[Date "2006.03.09"]
[Round "1"]
[White "sarx"]
[Black "Fepelus"]
[WhiteElo "1169"]
[BlackElo "1459"]
[PlyCount "57"]
[Result "1-0"]

1.e4 e6 {Hello there. Best of luck to you in the 
tournament}  2.Nf3 d5 3.e5 c5 4.b4 Qb6 5.bxc5 Bxc5 
6.d4 Bb4+ 7.Bd2 Bxd2+ 8.Nbxd2 Nc6 9.Rb1 Qa5 10.Bb5 
Nge7 11.c4 Qxa2 12.O-O O-O 13.cxd5 Nxd5 14.Bxc6 
bxc6 15.Ne4 Rd8 16.Nd6 Nc3 17.Qb3 Qxb3 18.Rxb3 
Ne2+ 19.Kh1 Ba6 20.Rfb1 Kf8 21.R1b2 Nf4 22.Ra2 Bb5 
23.Nxb5 Rd7 24.Nd6 Ke7 {Sorry about that week-long 
break there!}  25.Rba3 f6 26.g3 {No problem. I am 
not really in a hurry to finish my games.}  Ng6 
27.Nc4 Rb7 {Wait a second... I've dropped a piece 
somewhere!? When did that happen? Damn chess is 
irritating.}  28.Na5 {Just check the history! 
Mistakes do happen even to the best players.}  Rb6 
{Yes, I omitted to retake: no matter how many 
mistakes happen to the best players nobody will 
mistake me for one!}  29.Nc4 1-0

[Event "HCL-B3838"]
[Site "www.playchess.de"]
[Date "2006.03.09"]
[Round "1"]
[White "Shaggydoo"]
[Black "Voromahery"]
[WhiteElo "1200"]
[BlackElo "1500"]
[PlyCount "36"]
[Result "0-1"]

1.e4 {Hello!   :)}  e5 2.Nf3 Nc6 3.c3 Nf6 4.d3 d6 
5.Bg5 Be7 6.h4 Ng4 7.Bxe7 Qxe7 8.d4 exd4 9.cxd4 
Qxe4+ 10.Qe2 Qxe2+ 11.Bxe2 O-O 12.O-O a5 13.d5 
Nce5 14.Nc3 b6 15.Rac1 Nxf3+ 16.Bxf3 f5 17.Bxg4 
fxg4 18.g3 Ba6 0-1

[Event "HCL-C4161"]
[Site "www.playchess.de"]
[Date "2006.03.09"]
[Round "6"]
[White "JMD"]
[Black "EdDaChed"]
[WhiteElo "1323"]
[BlackElo "1103"]
[PlyCount "24"]
[Result "0-1"]

1.d4 {greetings from Paris}  d5 2.e4 dxe4 {Hello 
from Wisconsin}  3.Nc3 Nf6 4.f3 exf3 5.Nxf3 e6 
6.a3 Bd6 7.Bg5 Nc6 8.Bb5 O-O 9.Bxc6 bxc6 10.O-O 
Ba6 11.Re1 c5 12.d5 h6 0-1

[Event "ACL-A658"]
[Site "www.playchess.de"]
[Date "2006.03.09"]
[Round "3"]
[White "rahul_4u"]
[Black "immmmm"]
[WhiteElo "1500"]
[BlackElo "1500"]
[PlyCount "28"]
[Result "0-1"]

1.e4 Nf6 2.f3 e5 3.Nc3 d5 4.g4 Nxg4 5.fxg4 Qh4+ 
6.Ke2 Bxg4+ 7.Nf3 d4 8.Nb1 f5 9.d3 Bxf3+ 10.Kxf3 
Qh5+ 11.Kf2 {what is immmmmmmm
}  Qxd1 12.Be2 Qxh1 13.exf5 Qxc1 14.Bf3 
Qxb2 0-1

[Event "HCL-A2617"]
[Site "www.playchess.de"]
[Date "2006.03.09"]
[Round "8"]
[White "ama49"]
[Black "Wernswig"]
[WhiteElo "1138"]
[BlackElo "1381"]
[PlyCount "53"]
[Result "1-0"]

1.e4 {Hi}  e5 {hello, good luck to you}  2.Nf3 Nf6 
3.Nxe5 Qe7 4.Nf3 Nxe4 5.Qe2 Nf6 6.Nc3 Nc6 7.d3 d5 
8.Bg5 Qxe2+ 9.Bxe2 Be7 10.O-O-O O-O 11.Bxf6 Bxf6 
12.Nxd5 Bd8 13.Rhe1 Be6 14.Nf4 Bd7 15.d4 Bf6 
16.Nd5 Rac8 17.Nxf6+ gxf6 18.Bc4 Rfe8 19.d5 Ne5 
20.Nxe5 fxe5 21.b3 c6 22.dxc6 Bxc6 23.f3 Bd7 
24.Rxd7 Ref8 25.Rxe5 Rc6 26.Rxb7 Ra6 
27.Bxa6 1-0

[Event "HCL-C4208"]
[Site "www.playchess.de"]
[Date "2006.03.09"]
[Round "5"]
[White "mick35"]
[Black "kublya"]
[WhiteElo "800"]
[BlackElo "800"]
[PlyCount "38"]
[Result "0-1"]

1.e4 e5 2.b3 Nf6 3.Qf3 Bc5 4.Nc3 c6 5.Qg3 d6 
6.Qxg7 Rg8 7.Qh6 Nbd7 8.g4 Nxg4 9.Qxh7 Ndf6 10.Qh4 
Bxf2+ 11.Qxf2 Nxf2 {do you want to continue?}  
12.Kxf2 Ng4+ 13.Ke1 Qh4+ 14.Ke2 {vot tut ti menea 
horosho}  Qf2+ {nu posle p:g2-g4 delo tehniki 
bilo. Ya i tak ego sobiralsa zazhat, no bil shans, 
chto ti otstplenie prigotovish.}  15.Kd3 Qxf1+ 
16.Nce2 {chto-j,u menea variantov ne ocheni mnogo} 
 Nf2+ 17.Kc3 Nxh1 18.Ng3 Qxg1 19.Nxh1 
Qd4+ 0-1

[Event "HCL-B3872"]
[Site "www.playchess.de"]
[Date "2006.03.09"]
[Round "19"]
[White "Tofik"]
[Black "scaper"]
[WhiteElo "1346"]
[BlackElo "1476"]
[PlyCount "54"]
[Result "0-1"]

1.e4 {Hallo}  c5 {hallo
}  2.Nc3 e6 3.g3 Nc6 4.Bg2 Nf6 5.d3 Be7 6.Nge2 O-O 
7.O-O d5 8.exd5 exd5 9.Nf4 Be6 10.Qe2 Nd4 11.Qd1 
Bg4 12.f3 Bc8 13.Be3 Nf5 14.Re1 d4 
{thx
}  15.Bxd4 {oups.... keine Ursache}  cxd4 {das 
passiert mir sonst auch relativ häufig; aber 
irgendwie gleicht sich alles mal aus ... ;-)}  
16.Ne4 Ne3 17.Qe2 Re8 18.c3 Bd6 19.cxd4 Bxf4 
20.gxf4 Nfd5 21.Qd2 Nf5 22.Ng5 Nde3 23.Bh3 Qxd4 
24.b3 Nd1+ 25.Kh1 Rxe1+ 26.Qxe1 Nf2+ 27.Kg2 
Ne3+ 0-1

[Event "HCL-E1575"]
[Site "www.playchess.de"]
[Date "2006.03.09"]
[Round "7"]
[White "pawnstorm"]
[Black "freno"]
[WhiteElo "1507"]
[BlackElo "1586"]
[PlyCount "89"]
[Result "1-0"]

1.e4 c5 2.Nf3 a6 3.c3 Nf6 4.e5 Nd5 5.d4 cxd4 
6.cxd4 Nc6 7.Nc3 Nxc3 8.bxc3 d6 9.Bf4 dxe5 10.Nxe5 
Nxe5 11.Bxe5 f6 12.Bg3 Qa5 13.Qb3 b5 14.Be2 e6 
15.O-O Be7 16.Bf3 Ra7 17.Bb8 Rd7 18.Bc6 Kf7 
19.Bxd7 Bxd7 20.Bg3 Bc6 21.Rfe1 Bd5 22.Qc2 h6 
23.a4 b4 24.c4 Rc8 25.c5 b3 26.Qb2 Qb4 27.Re3 a5 
28.h3 Bc6 29.Rxb3 Qc4 30.Qc3 Qd5 31.f3 Qg5 32.Qe1 
Bd5 33.Rb5 Bd8 34.Kh2 f5 35.Rb8 Rc6 36.Be5 Ra6 
37.Qg3 Qxg3+ 38.Kxg3 Bf6 39.Bxf6 Kxf6 40.f4 g5 
41.fxg5+ hxg5 42.Rb6 Ra7 43.Re1 Ke7 44.Rd6 Rb7 
45.Rxd5 1-0

[Event "HCL-C4063"]
[Site "www.playchess.de"]
[Date "2006.03.09"]
[Round "21"]
[White "cla114"]
[Black "KristeK"]
[WhiteElo "825"]
[BlackElo "800"]
[PlyCount "68"]
[Result "0-1"]

1.e4 {bom dia..}  e5 2.Nf3 Nf6 3.Nc3 Bb4 4.Bc4 O-O 
5.Nxe5 Bxc3 6.dxc3 Qe8 7.O-O Qxe5 8.Qf3 d6 9.Qg3 
Nxe4 10.Qd3 Bf5 11.Be3 Ng3 12.Bd4 Bxd3 13.Bxe5 
Nxf1 14.Bxd3 dxe5 15.Rxf1 Nc6 16.c4 Rad8 17.a4 Nb4 
18.Be4 c6 19.c3 Na6 20.b4 Rd2 21.b5 Nb8 22.Bf5 
Rfd8 23.Be4 R2d1 24.Bf3 Rxf1+ 25.Kxf1 Rd3 26.Ke2 
Rxc3 27.bxc6 Nxc6 28.c5 Rxc5 29.h4 Nd4+ 30.Ke3 
Nf5+ 31.Ke4 Nxh4 32.g3 Nxf3 33.Kxf3 Rc3+ 34.Ke4 
f6 0-1

[Event "HCL-B3880"]
[Site "www.playchess.de"]
[Date "2006.03.09"]
[Round "7"]
[White "kuda_hitam"]
[Black "payaso"]
[WhiteElo "1500"]
[BlackElo "1200"]
[PlyCount "53"]
[Result "1-0"]

1.e4 c5 2.Nf3 g6 3.d4 Bg7 4.Be3 Nc6 5.c3 Qb6 6.b3 
cxd4 7.Nxd4 Nxd4 8.Bxd4 Bxd4 9.Qxd4 Qf6 10.Bc4 
Qxd4 11.cxd4 Nf6 12.Nc3 a6 13.O-O O-O 14.e5 Ne8 
15.Nd5 e6 16.Nb6 Rb8 17.Rac1 d5 18.Bd3 Ng7 19.Rc3 
Nf5 20.Bxf5 exf5 21.Rfc1 Be6 22.f4 h6 23.R3c7 Rfd8 
24.Re7 g5 25.Rcc7 gxf4 26.Kf2 Kg7 
27.Rxe6 1-0

[Event "HCL-A2558"]
[Site "www.playchess.de"]
[Date "2006.03.09"]
[Round "4"]
[White "SMLooking"]
[Black "MindenFele"]
[WhiteElo "1413"]
[BlackElo "1546"]
[PlyCount "124"]
[Result "0-1"]

1.d4 {Hi from Cairo Egypt, Happy New Year!}  Nf6 
{Happy New Year!}  2.c4 g6 3.Nc3 d5 4.Nf3 Bg7 
5.Bg5 Ne4 6.Bh4 c5 7.Nxd5 Bg4 8.Nc3 Qa5 9.Rc1 Bxf3 
10.exf3 Nxc3 11.bxc3 cxd4 12.Be2 dxc3 13.O-O Nc6 
14.Re1 O-O 15.Qd5 Qxa2 16.Bd3 e6 17.Qb5 Ne5 
18.Rxe5 Bxe5 19.Qxe5 Qd2 20.Qe3 a5 21.Bf6 h5 
22.Bxc3 Qxe3 23.fxe3 Rfd8 24.Be4 Ra7 25.Bd4 Rxd4 
26.exd4 a4 27.Ra1 a3 28.c5 Kf8 29.Kf2 Ke7 30.Ke3 
Kd7 31.f4 f5 32.Bf3 Kc7 33.Ra2 b5 34.Kd3 Ra4 35.h3 
b4 36.Kc4 b3+ 37.Kxb3 Rxd4 38.Kxa3 Rxf4 39.Rc2 Rd4 
40.Rc3 e5 41.Ba8 Rd8 42.Bf3 e4 43.Be2 Kc6 44.Kb4 
Rd4+ 45.Bc4 g5 46.g3 f4 47.gxf4 gxf4 48.h4 f3 
49.Re3 f2 50.Kc3 Rxc4+ 51.Kxc4 f1Q+ 52.Kd4 Qf6+ 
53.Kxe4 Qxh4+ 54.Kf3 Kxc5 55.Re4 Qh3+ 56.Kf2 h4 
57.Re3 Qh2+ 58.Kf3 h3 59.Re2 Qh1+ 60.Kf2 Qg2+ 
61.Ke1 Qxe2+ 62.Kxe2 h2 0-1

[Event "HCL-M847"]
[Site "www.playchess.de"]
[Date "2006.03.09"]
[Round "12"]
[White "Lan"]
[Black "Goofy"]
[WhiteElo "2038"]
[BlackElo "2041"]
[PlyCount "61"]
[Result "1-0"]

1.e4 {hi again:)}  c5 {Hi again! Good game! ;o))}  
2.Nf3 Nc6 3.d4 cxd4 4.Nxd4 Nf6 5.Nc3 e5 6.Ndb5 d6 
7.Bg5 a6 8.Na3 b5 9.Nd5 Be7 10.Bxf6 Bxf6 11.c3 O-O 
12.Nc2 Bg5 13.a4 bxa4 14.Rxa4 a5 15.Bc4 Rb8 16.Ra2 
Kh8 17.Nce3 f5 18.Nxf5 Bxf5 19.exf5 Rxf5 20.h4 Be7 
21.Bd3 e4 22.Bxe4 Re5 23.Qd3 Bf6 24.f4 Bxh4+ 
25.Kf1 Re6 26.g3 Rh6 27.b4 Bf6 28.Rxh6 gxh6 
29.Nxf6 Nxb4 30.Qd4 Nc6 31.Bxc6 1-0

[Event "HCL-B3886"]
[Site "www.playchess.de"]
[Date "2006.03.09"]
[Round "10"]
[White "errantknight"]
[Black "eisbaer17"]
[WhiteElo "1178"]
[BlackElo "1282"]
[PlyCount "98"]
[Result "0-1"]

1.d4 d5 2.Bg5 c5 3.Nf3 Bg4 4.e3 Qb6 5.dxc5 Qxc5 
6.Qd2 Bxf3 7.gxf3 f6 8.Bh4 e5 9.Bg2 Bd6 10.Bg3 Ne7 
11.f4 e4 12.Nc3 O-O 13.Na4 Qb5 14.b3 Rd8 15.Nc3 
Qa5 16.O-O Bb4 17.a3 Bxc3 18.b4 Bxd2 19.bxa5 Bxa5 
20.Rad1 Nbc6 21.Rdb1 Bb6 22.Bh3 f5 23.Bh4 g6 
24.Rfd1 Rd7 25.Bf1 Bd8 26.Rb5 a6 27.Rc5 b6 28.Rc3 
d4 29.Rb3 b5 30.c4 Na5 31.Rbb1 bxc4 32.exd4 Nd5 
33.Bxd8 Raxd8 34.Rdc1 Nxf4 35.Bxc4+ Nxc4 36.Rxc4 
R7xd4 37.Rcc1 Ne2+ 38.Kg2 Nxc1 39.Rxc1 R4d2 40.Kg3 
R2d3+ 41.Kh4 Rxa3 42.Rg1 Ra4 43.Kg5 Rad4 44.h4 Kg7 
45.h5 h6+ 46.Kh4 e3+ 47.Kh3 exf2 48.Rf1 R4d1 
49.Rxf2 R1d3+ 0-1

[Event "HCL-A2611"]
[Site "www.playchess.de"]
[Date "2006.03.09"]
[Round "6"]
[White "GED"]
[Black "Matu"]
[WhiteElo "1440"]
[BlackElo "1531"]
[PlyCount "62"]
[Result "0-1"]

1.e4 {hello from liverpool, and good luck!}  c6 
{hello and good luck}  2.d4 d5 3.Nc3 dxe4 4.Nxe4 
Nf6 5.Bd3 Nbd7 6.Nf3 Nxe4 7.Bxe4 Nf6 8.Bd3 Bg4 
9.c3 e6 10.Be2 Bd6 11.Bg5 h6 12.Bh4 Bf4 13.Qc2 O-O 
14.O-O g5 15.Bg3 Bxg3 16.fxg3 Bf5 17.Qb3 Qb6 
18.Ne5 Nd5 19.Nd7 Qxb3 20.axb3 Rfd8 21.Ne5 f6 
22.Ng4 Kg7 23.Rae1 h5 24.c4 hxg4 25.cxd5 Rxd5 
26.Bc4 Rd6 27.Rf2 b5 28.Be2 Rxd4 29.Rd1 Rad8 
30.Rxd4 Rxd4 31.Bf1 Rb4 0-1

[Event "HCL-A2586"]
[Site "www.playchess.de"]
[Date "2006.03.09"]
[Round "36"]
[White "RUDI"]
[Black "AidyT"]
[WhiteElo "1258"]
[BlackElo "1287"]
[PlyCount "54"]
[Result "0-1"]

1.e4 {Hello from Munich!}  e5 {Hi from Scotland 
and good luck.}  2.d4 d6 3.dxe5 dxe5 4.Nc3 Nc6 
5.Bb5 Be7 6.Qxd8+ Bxd8 7.Nf3 Bf6 8.Be3 Nge7 
9.O-O-O O-O 10.Bc5 Re8 11.Kb1 a6 12.Bd3 Bg4 13.Be2 
Bxf3 14.Bxf3 Nd4 15.Bxd4 exd4 16.Ne2 Rad8 17.h4 
Ng6 18.g3 Ne5 19.Bg2 d3 20.cxd3 Nxd3 21.Rhf1 Nxb2 
22.Nf4 Rxd1+ 23.Rxd1 Nxd1 24.Nd5 c6 25.Nxf6+ gxf6 
26.f3 Ne3 27.Bh3 c5 0-1

[Event "HCL-E1571"]
[Site "www.playchess.de"]
[Date "2006.03.09"]
[Round "36"]
[White "Vinci"]
[Black "Harijs"]
[WhiteElo "1604"]
[BlackElo "1846"]
[PlyCount "54"]
[Result "0-1"]

1.e4 {hello from switzerland and nice game!}  e5 
{Hello from Latvia! Good luck!}  2.Nf3 {Thank 
you!}  Nf6 3.d4 Nxe4 4.Nxe5 d6 5.Qf3 dxe5 6.Qxe4 
Qxd4 7.Qxd4 exd4 8.Bf4 Bf5 9.Bxc7 Bxc2 10.Bxb8 
Bb4+ 11.Nd2 Rxb8 12.a3 O-O 13.axb4 Rfe8+ 14.Be2 d3 
15.O-O {schönes abspiel gewesen, das scheint 
vorbei zu sein. ich komm nicht an den freibauern 
ran, vermut ich.}  Rxe2 16.Nf3 d2 17.Nd4 d1Q 
18.Rfxd1 Bxd1 19.Nxe2 Bxe2 20.Rxa7 Kf8 21.Ra5 b6 
22.Ra3 Rd8 23.f3 Rd4 24.Re3 Bb5 25.Rb3 Rd1+ 26.Kf2 
Rd2+ 27.Kg3 Bf1 0-1

[Event "HCL-B3879"]
[Site "www.playchess.de"]
[Date "2006.03.09"]
[Round "18"]
[White "Ulpe"]
[Black "jefersonmello"]
[WhiteElo "1604"]
[BlackElo "1179"]
[PlyCount "57"]
[Result "1-0"]

1.e4 e5 2.Nf3 Nc6 3.Bb5 a6 4.Ba4 Nf6 5.O-O d6 
6.Re1 Be7 7.c3 O-O 8.d4 Bd7 9.Nbd2 Rc8 10.Nf1 Ne8 
11.Bxc6 Bxc6 12.dxe5 dxe5 13.Nxe5 Qxd1 14.Rxd1 Nd6 
15.Nxc6 bxc6 16.Ng3 Rfe8 17.Bf4 g5 18.Bxd6 cxd6 
19.Rd4 c5 20.Rd2 Rc6 21.Rad1 Rd8 22.Nf5 Kf8 23.e5 
c4 24.exd6 Bf6 25.d7 h5 26.R2d6 Rxd6 27.Rxd6 Be5 
28.Rc6 Rxd7 29.Rc8+ 1-0

[Event "HCL-C4161"]
[Site "www.playchess.de"]
[Date "2006.03.09"]
[Round "9"]
[White "IRONMAIDEN"]
[Black "JMD"]
[WhiteElo "1252"]
[BlackElo "1323"]
[PlyCount "35"]
[Result "1-0"]

1.c4 {hello!}  g6 {greetings from Paris}  2.d4 
{hello, greetings from almost munich}  Bg7 3.Nf3 
f5 4.e3 d6 5.Be2 Nf6 6.Nc3 O-O 7.O-O e6 8.Bd3 c6 
9.Ne2 b6 10.b4 a6 11.Bb2 {never seen such a 
scenery}  Nh5 {neither myself!}  12.Ng3 Nxg3 
13.fxg3 c5 14.bxc5 bxc5 15.Bc2 a5 16.Rb1 cxd4 
17.Bxd4 e5 18.Bc3 1-0

[Event "HCL-B3895"]
[Site "www.playchess.de"]
[Date "2006.03.09"]
[Round "1"]
[White "munther"]
[Black "longino"]
[WhiteElo "1461"]
[BlackElo "1170"]
[PlyCount "75"]
[Result "1-0"]

1.e4 c5 2.Nc3 e6 3.g3 g6 4.Bg2 Bg7 5.Nge2 d6 6.d3 
Ne7 7.O-O O-O 8.f4 Nbc6 9.Rb1 b6 10.Bd2 Bb7 11.Kh1 
d5 12.exd5 exd5 13.f5 Nxf5 14.Nxd5 Na5 15.Ne3 
Bxg2+ 16.Nxg2 Qd5 17.Nc3 Qb7 18.Ne4 Rae8 19.Bxa5 
bxa5 20.Nxc5 Qc6 21.Ne4 Red8 22.Rf2 Rfe8 23.Qf3 
Nd4 24.Qxf7+ Kh8 25.Rbf1 Nf5 26.g4 Nh6 27.Qxa7 
Nxg4 28.R2f7 Rda8 29.Qb7 Qxb7 30.Rxb7 Bd4 31.Rff7 
h5 32.Nf4 Kg8 33.Nxg6 Rab8 34.c3 Be5 35.h3 Nh6 
36.Nxe5 Rxb7 37.Nf6+ Kh8 38.Ng6+ 1-0

[Event "HCL-B3800"]
[Site "www.playchess.de"]
[Date "2006.03.09"]
[Round "10"]
[White "Berniemac"]
[Black "newplayer"]
[WhiteElo "833"]
[BlackElo "1075"]
[PlyCount "62"]
[Result "0-1"]

1.Nf3 d5 2.c3 c6 3.e3 Bg4 4.Be2 Bxf3 5.gxf3 e5 
6.d4 exd4 7.cxd4 h6 8.Qb3 b5 9.Qc2 Qg5 10.e4 Bb4+ 
11.Nc3 Qg2 12.Rf1 Qxh2 13.a3 Bxc3+ 14.Qxc3 h5 
15.exd5 Ne7 16.dxc6 Nbxc6 17.Bxb5 Rc8 18.Be3 Kf8 
19.Qc5 Kg8 20.d5 Qe5 21.f4 Qxb2 22.dxc6 Qxa1+ 
23.Bc1 h4 24.Ba6 Rxc6 25.Qxe7 Re6+ 26.Qxe6 fxe6 
27.Kd1 h3 28.Re1 Qd4+ 29.Bd2 h2 30.Rf1 h1Q 31.Rxh1 
Rxh1+ 0-1